Pays qui possédaient Cologne à travers l'histoire - Statistiques

Statistiques générales
  • Ce quiz a été pris 57 fois
  • Le résultat moyen est 11 sur 22
Statistiques - réponses
Période Pays % Correct
1933 - 1945 3e Reich
98%
1989 - Aujourd'hui Allemagne
98%
1871 - 1918 Empire allemand
98%
1918 - 1933 République de Weimar
98%
1815 - 1871 Royaume de Prusse
85%
1804 - 1815 Empire Français
80%
- 29 - 395 Empire romain
78%
454 - 800 Royaume des Francs
78%
1949 - 1989 Allemagne de l'ouest
74%
1794 - 1804 Première République Française
65%
962 - 1794 Saint Empire Romain Germanique
52%
800 - 843 Empire Carolingien
28%
-39/-38 - / -29 République romaine
24%
855 - 953 Lotharingie
22%
953 - 1356 {Principauté} archiépiscopale de Cologne
22%
395 - 435 Empire romain d'Occident
19%
446 - 454 Empire romain d'Occident
19%
1865 - 1871 Confédération de l'Allemagne du Nord
17%
1815 - 1865 Confédération Germanique
15%
435 - 446 Empire Hunnique / Empire d'Attila
15%
1356 - 1794 {Electorat} de Cologne
11%
843 - 855 Francie Médiane
11%
Aucun quiz correspondant
Distribution des résultats
% des personnes avec chaque résultat
Percentile par nombre de réponses
Votre historique - résultats
Vous n’avez pas pris ce quiz